000
00292nam a2200133Ia 4500
100
_a
Brushtein./ Dementyev.
942
_c
BK
654
_a
Lathe works.
245
_a
Elements of lathe works.
260
_b
Prace Publishers.
_c
2001
082
_a
621.942
300
_a
442
546
_a
ENGLISH
999
_c
34948
_d
34948